Loading...
പറയാന് ബാക്കി വെച്ചത്
| Main Author: | |
|---|---|
| Format: | Printed Book |
| Published: |
Kollam
Palm Literary Co-operative Socity
2011
|
| Subjects: |
| LEADER | 00593nam a22001817a 4500 | ||
|---|---|---|---|
| 003 | OSt | ||
| 082 | |a 811 |b ROS/PA | ||
| 100 | |a Rosy Thampy | ||
| 245 | |a പറയാന് ബാക്കി വെച്ചത് | ||
| 260 | |a Kollam |b Palm Literary Co-operative Socity |c 2011 | ||
| 300 | |a 96p | ||
| 500 | |a Parayan bakkivechathu | ||
| 500 | |a Parayan bakki vechathu | ||
| 546 | |a Malayalam | ||
| 650 | |a Poems | ||
| 942 | |2 ddc |c BK | ||
| 999 | |c 154979 |d 154979 | ||
| 952 | |0 0 |1 0 |2 ddc |4 0 |6 811_000000000000000_ROSPA |7 0 |8 Gen |9 154052 |a KAUCLV |b KAUCLV |c GENERAL |d 2017-03-09 |g 75.00 |o 811 ROS/PA |p 225993 |r 2017-03-09 |y BK | ||